01881nam a22001217a 4500041000800000080000700008100002500015245011100040260003100151300000700182520155000189650002001739 aukr a09 aБобрик С. В. aСпособи творення термінів у сучасній англійській мові aОстрогbКАФc2004 a60 aРозділ 1. Специфіка словотвірної системи простих та похідних термінів. 1.1. Попередні зауваження. Класифікація способів творення термінів. 1.2. Семантичний спосіб творення. 1.3. Морфологічний спосіб термінотворення. 1.4. Морфолого-синтаксичний тип словотвору. 1.5. Запозичення у економічній термінології. Розділ 2. Словотворчі особливості складних та складених термінів. 2.1. Основоскладання основний шлях творення термінів-композитів. 2.2. Словосполучення як спосіб термінологічної номінації. 2.3. Абревіація. Розділ 3. Подібності та відмінності у структурному складі англійської та української термінології. 3.1. Осодливості структурно-порівняльного аналізу. 3.2. Порівняльно-типологічний аналіз однослівних термінів. 3.3. Характеристика структурних відповідностей термінологічних словосполучень.0Термін, словотвір, словосполучення. aResearch Papers